O controle da gestão pública / (Record no. 965)

MARC details
000 -LÍDER
Campo Fixo de Controle 01018nam a2200253 a 4500
001 - NÚMERO DE CONTROLE
Campo de Controle 965
003 - IDENTIFICAÇÃO DO NÚMERO DE CONTROLE
Campo de Controle BR-CuiBMT
005 - DATA E HORA DA ÚLTIMA ATUALIZAÇÃO
Campo de Controle 20231124003442.0
008 - DADOS FIXOS
Dados Fixos 230821s2003 spb 000 0 por d
020 ## - INTERNATIONAL STANDARD BOOK NUMBER
Nº do ISBN 8520324681
040 ## - AGÊNCIA CATALOGADORA
Código da Agência Catalogadora BR-CuiBMT
Agência que transcreveu o registro BR-CuiBMT
080 ## - Nº DA CLASSIFICAÇÃO DECIMAL UNIVERSAL
Nº edição CDU 2007
Nº Class. CDU 35.072.6
090 ## - NÚMERO DE CHAMADA
Nº classificação 35.072.6
Cutter M643c
100 1# - ENTRADA PRINCIPAL -- AUTOR PESSOAL
Nome pessoal Mileski, Helio Saul
245 12 - TÍTULO PRINCIPAL
Título principal O controle da gestão pública /
Indicação de responsabilidade Helio Saul Mileski.
260 ## - PUBLICAÇÃO, DISTRIBUIÇÃO, ETC.
Local de publicação São Paulo :
Editora Revista dos Tribunais,
Data c2003.
300 ## - DESCRIÇÃO FÍSICA
N. páginas ou volumes 400 p. ;
Dimensões 21 cm
500 ## - NOTAS GERAIS
Notas gerais Atividade financeira do estado ; Planejamento e orçamento: sistemas e desafios ; Lei de responsabilidade fiscal: regulamentação e aspectos polêmicos ; Controle interno: atribuições e desafios práticos ; Tribunal de contas: natureza, funções e perspectiva.
504 ## - NOTA DE BIBLIOGRAFIA, ETC.
Nota de bibliografia Inclui bibliografia.
650 ## - ASSUNTO TÓPICO
Cabeçalho tópico ou nome geográfico Gestão pública
Subdivisão geral Controle interno
650 ## - ASSUNTO TÓPICO
Cabeçalho tópico ou nome geográfico Administração pública
Subdivisão geral Controle
Subdivisão geográfica Brasil
650 ## - ASSUNTO TÓPICO
Cabeçalho tópico ou nome geográfico Fiscalização financeira e orçamentária
Subdivisão geográfica Brasil
942 ## - ELEMENTOS DE ENTRADA ADICIONAIS (KOHA)
Fonte de classificação ou esquema de arquivamento Classificação Decimal Universal
Tipo de item do Koha Livros
Holdings
Estado: removido Estado: perdido Fonte de classificação ou esquema de arquivamento Estado: danificado Indisponível para empréstimo Localização permanente Localização atual Data de aquisição Total Checkouts Número de Chamada completo Código de barras Date last seen Número do exemplar Preço efetivo a partir de Tipo de item (Koha)
    Classificação Decimal Universal     Biblioteca da Escola Superior de Contas do TCE/MT Biblioteca da Escola Superior de Contas do TCE/MT 24/11/2023   35.072.6 M643c BIBTCEMT23111031 24/11/2023 Ex. 1 24/11/2023 Livros

Powered by Koha